000 00369 a2200169 4500
001 49466
020 _a8532256694
040 _cAnchieta - Bela Vista
100 _aGarcia, Edson Gabriel
240 1 0 _aDe olhos bem abertos
_lpor
245 1 0 _aDe olhos bem abertos
300 _a63
362 0 _a2005
440 1 _aFTD
650 4 _aLiteratura juvenil
942 _cBK
999 _c49466
_d49466